Städte Rumäniens - Statistiken

Allgemein
  • Dieses Quiz wurde 398 mal gespielt
  • Das Durchschnittsergebnis liegt bei 10 aus 20
Antwortstatistiken
Rang Einwohner Stadt % Korrekt
1 1.883.425 Bukarest
100%
3 319.279 Temeswar
76%
2 324.576 Klausenburg
75%
14 147.245 Hermannstadt
72%
5 283.872 Konstanza
69%
4 290.422 Iasi
62%
7 253.200 Kronstadt
58%
12 159.074 Arad
54%
6 269.506 Craiova
53%
10 196.367 Großwardein
42%
8 249.432 Galați
40%
9 209.945 Ploiești
38%
13 155.383 Pitești
37%
15 144.307 Bakau
32%
20 102.411 Sathmar
31%
16 134.290 Neumarkt am Mieresch
30%
11 180.302 Brăila
27%
17 123.738 Baia Mare
25%
18 115.494 Buzău
22%
19 106.847 Botoșani
16%
Keine übereinstimmenden Quizze gefunden
Verteilung der Resultate
Anzahl Personen mit jedem Resultat
Perzentil nach korrekt beantworteten Fragen
Ihre Resultats-Entwicklung
Sie haben dieses Quiz noch nicht gespielt